000 00678cam a2200229 4500
001 9224
005 20230410103544.0
008 060907n2005 dr 001 0 spa
020 _a9993498432
041 _aspa
050 1 4 _a118 PQ 7409.2
_bS211d 2005
100 1 _aSánchez Beras, César,
_d1962-
245 1 0 _aDías de Carne:
_b(sonetos) /
_cCésar Sánchez Beras.
260 _aSanto Domingo :
_bSecretaría de Estado de Cultura, Editora Nacional,
_c2005.
300 _a95 p.;
_c22cm.
440 0 _aColección Premios Nacionales.
504 _aIncluye índice
650 4 _aLiteratura dominicana.
650 4 _aPoesía dominicana.
942 _2lcc
_cbk
946 _aPP
999 _c21236
_d21236